000 00449cam a22001337a 4500
008 180718b1959 xxu||||| |||| 00| 0 eng d
082 _aD2 R141
100 _aRaman, Venkata K.
245 _aDoctrine of 'Rebus Sic Stantibus' and its application to treaties
_cby K. Venkata Raman
260 _aHyderabad
_bSupreme Court Journal
_c1959
300 _a36p.
500 _aReprinted from the Supreme Court Journal August 1959
650 _aInternational law
999 _c502077
_d502077